00603nam a2200169I 45000010008000000030004000080050017000120080041000290400032000700820014001021000021001162450070001372600072002073000058002795040078003376000018004151492192OSt20181123111205.0750730|1974||||||| |||| ||eng c aOhio Northern Univ LibcDLC a823bK55A1 aKinnear, Angus I10aAgainst the tide :bthe story of Watchman Nee /cAngus I. Kinnear aFort Washington, Pa. :bChristian Literature Crusadec[1974, c1973] a191 p., [16] leaves of plates :bill., maps. ;c23 cm aBibliographical references included in "Notes on the text" (p. [181]-191)10aNee, Watchman